1613 1017 1986 1767 1242 1636 1015 1031 1976 1885 1150 1597 1813 1105 1465 1841 1201 1579 1880 1797 1351 1824 1472 1167 1460 1620 1477 1230 1330 1249 1052 1874 1948 1441 1799 1951 1671 1517 1629 1590 1736 1699 1427 1501 1265 1553 1840 1572 1880 1615 1250 1829 1339 1063 1029 1057 1863 1977 1685 1047 1228 1268 1026 1855 1853 1585 1035 1023 1760 1344 1739 1554 1157 1892 1008 1793 1539 1304 1901 1472 1629 1855 1471 1040 1965 1019 1786 1305 1103 1785 1135 1348 1638 1239 1811 1290 1769 1104 1023 BCNSPRNW ULIB Ver.6.0+V

เปลี่ยนเป็นภาษาไทย

Change to English
 แสดงรายละเอียดบรรณานุกรม
  กลับหน้าหลัก

Brief Record : Get Marc (ISO 2709) : E-mail record : QR code < ปิดหน้าต่าง
LEADER : 00000nam 2200000uu 4500
001    13399114097
003     ULIB
008    120216s2551||||th 000 0 tha d
020    ^a9789740635499
060 04 ^aWY85^bส226น
100 0  ^aสภาการพยาบาล
245 10 ^aแนวทางการส่งเสริมการปฏิบัติการพยาบาลตามจรรยาบรรณวิชาชีพ(ฉบับปรับปรุง) /^cสภาการพยาบาล
250    ^aพิมพ์ครั้งที่ 3 (ฉบับปรับปรุง พฤษภาคม 2551)
260    ^aกรุงเทพฯ :^bจุดทอง,^c2551
300    ^a[8], 175 หน้า ;^c22 ซม.
650  4 ^aจรรยาพยาบาล
650  4 ^aจรรยาบรรณในวิชาชีพ
650  4 ^aการปฏิบัติ^xการพยาบาล
945    ^p100^l0^i18712
945    ^p100^l0^i18713
945    ^p100^l0^i18714
945    ^p100^l0^i18715
945    ^p100^l0^i18716
995    ^aเกษร
999    ^aใช้งานได้ทุกระบบ
รายการนี้ยังไม่มีแท็ก
คุณยังไม่ได้ล็อกอิน คุณสามารถมีกิจกรรมร่วมกับเว็บไซต์ได้ แต่ต้องล็อกอินก่อน ::
  ล็อกอิน

รายการสื่อสารสนเทศ

ลำดับที่ ประเภท เลขเรียก/บาร์โค้ด สถานที่ สถานะ
1. วิทยาศาสตร์การแพทย์ และสุขภาพ
หนังสือสำรอง
สถานะ=หนังสือสำรอง
WY85 ส226น ฉ.1 
  Barcode: 18712
ห้องสมุดวิทยาเขตสวรรค์ประชารักษ์
►ส่วนจัดเก็บหนังสือเก่า สปร
บนชั้น
  ขอยืม
2. วิทยาศาสตร์การแพทย์ และสุขภาพ
วิทยาศาสตร์การแพทย์ และสุขภาพ
WY85 ส226น ฉ.2 
  Barcode: 18713
ห้องสมุดวิทยาเขตสวรรค์ประชารักษ์
►ส่วนจัดเก็บหนังสือเก่า สปร
บนชั้น
  ขอยืม
3. วิทยาศาสตร์การแพทย์ และสุขภาพ
วิทยาศาสตร์การแพทย์ และสุขภาพ
WY85 ส226น ฉ.3 
  Barcode: 18714
ห้องสมุดวิทยาเขตสวรรค์ประชารักษ์
►ส่วนจัดเก็บหนังสือเก่า สปร
บนชั้น
  ขอยืม
4. วิทยาศาสตร์การแพทย์ และสุขภาพ
วิทยาศาสตร์การแพทย์ และสุขภาพ
WY85 ส226น ฉ.4 
  Barcode: 18715
ห้องสมุดวิทยาเขตสวรรค์ประชารักษ์
►ส่วนจัดเก็บหนังสือเก่า สปร
บนชั้น
  ขอยืม
5. วิทยาศาสตร์การแพทย์ และสุขภาพ
วิทยาศาสตร์การแพทย์ และสุขภาพ
WY85 ส226น ฉ.5 
  Barcode: 18716
ห้องสมุดวิทยาเขตสวรรค์ประชารักษ์
►ส่วนจัดเก็บหนังสือเก่า สปร
บนชั้น
  ขอยืม

รายการใกล้เคียง
    ผู้แต่ง [สภาการพยาบาล]

    หัวเรื่อง [จรรยาพยาบาล]
    หัวเรื่อง [จรรยาบรรณในวิชาชีพ]

BibComment


ยังไม่เคยถูกคอมเมนท์

คอมเมนท์ทรัพยากรรายการนี้
  คอมเมนท์: แนวทางการส่งเสริ..


 Copyright 2026. Bcnsprnw @Library